[Event "Steinfurt Bezirksliga 1516"]
[Site "Germany"]
[Date "2015.12.19"]
[Round "4.8"]
[White "Thiele, Simon"]
[Black "Nattkaemper, Johann"]
[Result "0-1"]
[WhiteElo "1258"]
[BlackElo "1220"]
[PlyCount "120"]
[EventDate "2015.09.19"]
[EventType "team-tourn"]
[EventRounds "9"]
[EventCountry "GER"]
[SourceTitle "EXT 2017"]
[Source "ChessBase"]
[SourceDate "2016.10.25"]
[SourceVersion "1"]
[SourceVersionDate "2016.10.25"]
[SourceQuality "1"]
[WhiteTeam "Emsdetten Rochade IV"]
[BlackTeam "Ibbenbueren II"]
[WhiteTeamCountry "GER"]
[BlackTeamCountry "GER"]

1. e4 e5 2. Nf3 Nc6 3. Nc3 Bb4 4. Bb5 Nge7 5. d3 a6 6. Ba4 b5 7. Bb3 d6 8. Ng5 d5 9. exd5 Nxd5 10. Qf3 Be6 11. 0-0 Bxc3 12. bxc3 h6 13. Nxe6 fxe6 14. c4 Nd4 15. Qh5+ Kd7 16. cxd5 Qf6 17. Bb2 g6 18. Qg4 h5 19. Qe4 Rad8 20. Bxd4 exd4 21. dxe6+ Ke7 22. Qc6 Qf4 23. g3 Qd6 24. Qxd6+ Rxd6 25. Rfe1 Rf8 26. Re5 c6 27. Rae1 a5 28. a3 a4 29. Ba2 Rb8 30. Rg5 Rg8 31. h4 Rdd8 32. Re4 Rg7 33. Kg2 Rgg8 34. f3 Rg7 35. g4 hxg4 36. Rexg4 Kf6 37. h5 Rh8 38. Rxg6+ Rxg6 39. Rxg6+ Ke7 40. Rg7+ Kf8 41. Rf7+ Ke8 42. e7 Rxh5 43. Rf8+ Kxe7 44. Rf4 Rc5 45. Bb1 Rg5+ 46. Kf2 c5 47. Re4+ Kd6 48. Rg4 Rh5 49. f4 Rh1 50. Rg1 Rh5 51. Rg6+ Ke7 52. Kf3 Rh1 53. Ba2 Ra1 54. Bg8 Rxa3 55. Re6+ Kf8 56. Bh7 Ra1 57. Re5 a3 58. Rf5+ Kg7 59. Rg5+ Kxh7 60. f5 a2 0-1